Atiyah's Accidents, compensation, and the law. (Record no. 420)

MARC details
000 -LEADER
fixed length control field 01179nam a2200361 a 4500
001 - CONTROL NUMBER
control field 3860770
003 - CONTROL NUMBER IDENTIFIER
control field OSt
005 - DATE AND TIME OF LATEST TRANSACTION
control field 20150616105016.0
008 - FIXED-LENGTH DATA ELEMENTS--GENERAL INFORMATION
fixed length control field 880426s1987 enk b 001 0 eng
010 ## - LIBRARY OF CONGRESS CONTROL NUMBER
LC control number 88134930
020 ## - INTERNATIONAL STANDARD BOOK NUMBER
International Standard Book Number 0297790528
Terms of availability £30.00
020 ## - INTERNATIONAL STANDARD BOOK NUMBER
International Standard Book Number 0297790536 (pbk.)
040 ## - CATALOGING SOURCE
Original cataloging agency DLC
Transcribing agency DLC
Modifying agency DLC
043 ## - GEOGRAPHIC AREA CODE
Geographic area code e-uk---
050 00 - LIBRARY OF CONGRESS CALL NUMBER
Classification number KD1975
Item number .A96 1987
082 00 - DEWEY DECIMAL CLASSIFICATION NUMBER
Classification number 346.0322 ATI
Edition number 19
100 1# - MAIN ENTRY--PERSONAL NAME
Personal name Atiyah, P. S.
9 (RLIN) 893
245 10 - TITLE STATEMENT
Title Atiyah's Accidents, compensation, and the law.
250 ## - EDITION STATEMENT
Edition statement 4th ed. /
Remainder of edition statement Peter Cane.
260 ## - PUBLICATION, DISTRIBUTION, ETC. (IMPRINT)
Place of publication, distribution, etc London :
Name of publisher, distributor, etc Weidenfeld and Nicolson,
Date of publication, distribution, etc 1987.
300 ## - PHYSICAL DESCRIPTION
Extent xxiii, 639 p. ;
Dimensions 23 cm.
440 #0 - SERIES STATEMENT/ADDED ENTRY--TITLE
Title Law in context
9 (RLIN) 46
500 ## - GENERAL NOTE
General note Rev. ed. of: Accidents, compensation, and the law. 3rd ed. 1980.
500 ## - GENERAL NOTE
General note Includes index.
504 ## - BIBLIOGRAPHY, ETC. NOTE
Bibliography, etc Bibliography: p. [581]-628.
650 #0 - SUBJECT ADDED ENTRY--TOPICAL TERM
Topical term or geographic name as entry element Accident law
Geographic subdivision Great Britain.
9 (RLIN) 1229
650 #0 - SUBJECT ADDED ENTRY--TOPICAL TERM
Topical term or geographic name as entry element Compensation (Law)
Geographic subdivision Great Britain.
9 (RLIN) 1230
700 1# - ADDED ENTRY--PERSONAL NAME
Personal name Atiyah, P. S.
Title of a work Accidents, compensation, and the law.
9 (RLIN) 1231
700 1# - ADDED ENTRY--PERSONAL NAME
Personal name Cane, Peter,
Dates associated with a name 1950-
9 (RLIN) 1232
906 ## - LOCAL DATA ELEMENT F, LDF (RLIN)
a 7
b cbc
c orignew
d 2
e ncip
f 19
g y-gencatlg
942 ## - ADDED ENTRY ELEMENTS (KOHA)
Source of classification or shelving scheme Dewey Decimal Classification
Koha item type Books
Holdings
Withdrawn status Lost status Source of classification or shelving scheme Damaged status Not for loan Home library Current library Shelving location Date acquired Total Checkouts Full call number Barcode Date last seen Price effective from Koha item type
    Dewey Decimal Classification     Law Development Centre Main Library Law Development Centre Main Library Text Books and Laws 04/19/2011   346.0322 ATI 2011/2354 04/19/2011 04/19/2011 Books